000 00541nam a2200181 i 4500
001 76277
003 ES-MaACL
005 20230906172801.0
007 t|
008 040930s1970 sp |||| | spa d
100 1 _aGroot, Adrianus de.
_960141
245 1 3 _aEl milagro en la Biblia /
_cAdrianus de Groot ; [versión por Salvador Castellote].
260 _aEstella (Navarra) :
_bVerbo Divino,
_c1970.
300 _a120 p. ;
_c18 cm.
650 4 _aMilagros.
_9136497
700 1 _aCastellote, Salvador.
_936577
852 _aES-MaACL
_jC-47607
999 _c76277
_d76277